000
00258nam a22001217a 4500
008
170426b xxu||||| |||| 00| 0 eng d
041
_a
eng
080
_a
547
100
_a
12
101
_a
SHM
245
_a
ORGANIC CHEMISTRY
_c
WIBERG.K.B
942
_2
udc
_c
BK
999
_c
12065
_d
12065